Open Data Biblioteca Nacional de Portugal


República Portuguesa: Ministério da Cultura
Biblioteca Nacional de Portugal

Catálogo da BNP: acesso por Identificadores Unívocos
Registos Bibliográficos associados ao registo de autoridade

Etiqueta de registo: 00000nkm 2200025 450
001 2276462
003 http://id.bnportugal.gov.pt/bib/catbnp/2276462
100 ## $a20260305d1993 m y0pory01030103ba
101 0# $apor$aspa$aeng
102 ## $aPT
200 1# $aAJUTEC 93, 2ª Feira Internacional de Ajudas Técnicas e Novas Tecnologias para Pessoas com Deficiências, EXPONOR - Feira Internacional do Porto, 9-12 dezembro$bVisual gráfico]$fAssociação Industrial Portuense$gBozell Portugal
210 #9 $a[Porto]$cAssociação Industrial Portuense,$d1993
215 ## $a1 cartaz$ccolor.$d63,5x48 cm
317 ## $aColeção Madeira Luís
710 01 $aFeira Internacional de Ajudas Técnicas e Novas Tecnologias para Pessoas com Deficiências$d2,$ePorto,$f1993$31993526
712 02 $aAssociação Industrial Portuense$3151
712 01 $aEXPONOR.$bDivisão de Feiras e Exposições$31989153
712 02 $aBozell Portugal$31552186
801 #0 $aPT$bBN$gRPC
966 ## $lBN$mICONOG$sCT. 23518 A.$x3
971 ## $cCaticonografia7$d20260305
995 ## $aPRR2026

OpendataBNP@bnportugal.pt | Mais informação sobre acesso aos dados BNP